Vista normal
Vista MARC
Entrada Nombre de reunión
Número de registros utilizados en: 1
001 - NÚMERO DE CONTROL
- campo de control: 81935
003 - IDENTIFICADOR DEL NÚMERO DE CONTROL
- campo de control: DO-SdBNP
005 - FECHA Y HORA DE LA ÚLTIMA TRANSACCIÓN
- campo de control: 20220705114219.0
008 - DATOS DE LONGITUD FIJA
- campo de control de longitud fija: 220705|| aca||aabn | a|a d
040 ## - FUENTE DE LA CATALOGACIÓN
- Centro catalogador/agencia de origen: DO-SdBNP
- Centro/agencia transcriptor: DO-SdBNP
111 ## - ENCABEZAMIENTO--NOMBRE DE CONGRESO/REUNIÓN
- Nombre de congreso/reunión o jurisdicción como elemento de entrada: Conferencia Dominicana de Religiosos (CONDOR)
- Sede del congreso/Lugar de la reunión: Santo Domingo )
- Fecha del congreso/reunión: (25 de marzo 1993
670 ## - FUENTE DE DATOS ENCONTRADOS
- Cita de la fuente: Work cat.: (DO-SdBNP)52139: Conferencia Dominicana de Religiosos (CONDOR) Santo Domingo ) (25 de marzo 1993 : Festividad de la anunciación de la Virgen María, Cantemos nuestra fe : , 1993.
